Регионална библиотека "Любен Каравелов" - Русе

Навътре в камъка (Запис номер 184386)

MARC детайли
000 -Лидер
Контролно поле с фиксирана дължина 00867nam a2200265 c 4500
003 - Код на организацията, давaща контролен номер
Контролно поле BLK
005 - Дата и час на последна редакция
Контролно поле 20180422115339.0
008 - Елементи от данни с фиксирана дължина
fixed length control field 180411b bul|||||r ||||||| ||bul||
010 ## - Наследен системен номер
LC control number KNG00193339000
040 ## - Източник на каталожния запис
Идентификатор на билиотеката - собственик на записа BLK
041 ## - Код за език
Код за езика на текст/звукозапис или на отделно заглавие Български
Код за езика КДБФ Български
080 ## - УДК
Текстов определител УДК Българска литература
УДК код - определител по УДК 821.163.2
УДК определител -312.6
УДК - код + определител 821.163.2-312.6
100 1# - Редна дума - Автор
Автор Динков, Иван
Авторска отговорност първи автор
R(LIN) 369707
139 ## - Редно поле
Редна дума Динков, Иван
Авторски знак Дин - Д 62
245 10 - Сведения за заглавието
Заглавие Навътре в камъка
Подзаглавни данни Автобиогр. роман
Редно поле (дума) Иван Динков.
257 ## - Страна на издаване
Страна на създаване/издаване България
260 ## - Област на издателските данни
-- София
Име на издателя, разпространителя и проч. Профиздат
Година на издаване 1986
300 ## - Физическа характеристика
Страници 232 с.
Илюстрации и др. с ил.
Размери/Мащаб 20 см
380 ## - Жанр
Жанр Худож. лит.
852 ## - Местоположение
Форматна сигнатура Цб 144240
856 4# - Електронен адрес и достъп
Електронен формат pdf - файл
Път до файла /url/
856 4# - Електронен адрес и достъп
Електронен формат pdf - файл
Път до файла /url/
942 ## - АРТИКУЛИ
Вид на библиотечния материал Книги
Скрит в OPAC Не
944 ## - СЪЗДАВАНЕ И РЕДАКЦИЯ на ЗАПИСА
Създаване/Редакция Създаване
Дата на регистрацията/редакция 17.10.2016
Служител, извършил регистрацията/редакцията Теодора_Стоянова
944 ## - СЪЗДАВАНЕ И РЕДАКЦИЯ на ЗАПИСА
Създаване/Редакция Редакция
Дата на регистрацията/редакция 17.10.2016
Служител, извършил регистрацията/редакцията Теодора_Стоянова
999 ## - СИСТЕМНИ КОНТРОЛНИ НОМЕРА
Koha biblionumber 184386
Koha biblioitemnumber 184386
Наличности
Код за отписване Код за изгубен артикул Източник на класификационната схема Код за повреда Коз за рестрикции Код за отдаване Артикулен № Име на библиотеката - собственик Име на библиотеката, в която се намира в момента Статус (Текущо местоположение) Дата на вписване в системата Местоположение - отдел Цена в лева Инвентарен номер Систематично азбучна сигнатура Баркод Номер на екземпляра Цена в евро Служебна бележка Служебен тип на артикула
  Не е изгубен Universal Decimal Classification Не е повреден без рестрикции ползва се в читалня 318718 Регионална библиотека "Любен Каравелов" Русе Регионална библиотека "Любен Каравелов" Русе Хранилище 1986-01-01 Хранилище 1.46 456245 Цб 144240 120000456245 1 0.75 Вид: Сф Дата: 01.01.1986 Книги
Изтеглен Не е изгубен Universal Decimal Classification Не е повреден без рестрикции заемане за дома 318719 Регионална библиотека "Любен Каравелов" Русе Регионална библиотека "Любен Каравелов" Русе Заемна - подръчен фонд 1986-01-01 Заемна - подръчен фонд 1.46 469678 П 886.7-31/Д 62 469678 2 0.75 Вид: Сф Дата: 01.01.1986 Дата инв: 13.02.2018 Бележки инв: П2018 Книги
Vip Innovations Ltd, Rousse, Bulgaria 2025